LIBRARY & INFORMATION CENTRE, KCAET, TAVANUR

ONLINE PUBLIC ACCESS CATALOGUE (OPAC)

Gadyamanjari / (Record no. 974)

MARC details
000 -LEADER
fixed length control field 00331cam a2200133ua 4500
003 - CONTROL NUMBER IDENTIFIER
control field OSt
008 - FIXED-LENGTH DATA ELEMENTS--GENERAL INFORMATION
fixed length control field 210805b ||||| |||| 00| 0 eng d
082 ## - DEWEY DECIMAL CLASSIFICATION NUMBER
Classification number 894.812 4
Item number UNI/GA
245 ## - TITLE STATEMENT
Title Gadyamanjari /
260 ## - PUBLICATION, DISTRIBUTION, ETC. (IMPRINT)
Place of publication Calicut :
Name of publisher University of Calicut ,
Year of publication 1971.
300 ## - PHYSICAL DESCRIPTION
Number of Pages 198 ; .
650 ## - SUBJECT ADDED ENTRY--TOPICAL TERM
Topical Term Essays - Malayalam
942 ## - ADDED ENTRY ELEMENTS (KOHA)
Koha item type Books
Holdings
Withdrawn status Lost status Damaged status Home library Current library Date acquired Full call number Accession Number Koha item type
Withdrawn     KAUAET KAUAET 07/04/2012 894.812 4 13236 Books
free website counter